000 00789nam a22002537a 4500
001 BR9804135
003 BR-BrBNA
005 20230928095955.0
007 ta
008 230509b bl.||||| |||| 00| 0 por d
040 _aBR-BrBNA
_bpor
_cBiblioteca Nacional de Agricultura
041 _a(Por)
072 _aL10
_b5213
090 _ 5213 BR9804135
110 1 _aSecretaria de Desenvolvimento Rural, Brasilia, DF (Brasil). Depto. de Fiscalizacao e Fomento da Producao Animal
_98742
245 1 _aSumario de touros: arquivo zootecnico nacional; gado de corte; racas zebuinas 1996
260 3 _aBrasilia, DF (Brasil):
_c1996.
300 _avp.
650 _aGado de Corte
650 _aRaca
650 _aRegistro Genealogico
909 _a202309
_bLucia
_c55
_dLucia Elande
942 _cBK
999 _c59687
_d59687